| 000 | 00520nam a22001457a 4500 | ||
|---|---|---|---|
| 005 | 20250901165810.0 | ||
| 008 | 250321b |||||||| |||| 00| 0 eng d | ||
| 020 | _a0195731603 | ||
| 050 | _aPZ90.F72 .K54 2002 | ||
| 245 |
_aNgenzi va à l'école _cby Kenya Institute of Education and Oxford University Press |
||
| 260 |
_aNairobi: _bOxford University Press, _c2002. |
||
| 300 |
_a16 p.: _bcol. ill.: _c18 cm. |
||
| 500 | _6[Translated into French by] Angela Uwamahoro Kamanzi and [Illustrations by] Abdul Gugu | ||
| 942 | _2lcc | ||
| 999 |
_c9366 _d9366 |
||